000 00295nam a2200109Ia 4500
008 230320s9999||||xx |||||||||||||| ||spa||
082 _a370.152/E78/1994
100 _aEscaño, José ; Gil De La Serna, María
245 0 _aComo Se Aprende Y Como Se Enseña
260 _bHorsori
942 _80
_cLIB
999 _c47813
_d47813